|
|
|
|
| LEADER |
01082nam a2200253 a 4500 |
| 001 |
1213764 |
| 008 |
090511s2000 enka b 001 0 eng d |
| 010 |
|
|
|a \\\99028895
|
| 020 |
|
|
|a 184014016X (hc.)
|
| 040 |
|
|
|a DLC
|c DLC
|d DLC
|
| 082 |
0 |
0 |
|a 658.4
|2 21
|
| 245 |
0 |
0 |
|a Corporate governance /
|c edited by R.I. Tricker.
|
| 260 |
|
|
|a Aldershot ;
|a Brookfield, USA :
|b Ashgate,
|c 2000.
|
| 300 |
|
|
|a xxv, 471 p. :
|b ill. ;
|c 25 cm.
|
| 490 |
1 |
|
|a History of management thought
|
| 500 |
|
|
|a A collection of 32 journal articles and book chapters previously published between 1972-1998.
|
| 504 |
|
|
|a Includes bibliographical references and index.
|
| 541 |
1 |
|
|e 00015449
|
| 650 |
|
0 |
|a Corporate governance.
|
| 700 |
1 |
|
|a Tricker, R. Ian
|q (Robert Ian)
|
| 830 |
|
0 |
|a History of management thought (Aldershot, England)
|
| 852 |
4 |
|
|a Ayesha Abed Library
|j General shelf
|
| 999 |
|
|
|c 1226
|d 1226
|
| 952 |
|
|
|0 0
|1 0
|2 ddc
|4 0
|6 658_400000000000000_TRI
|7 0
|9 1113
|a BRACUL
|b BRACUL
|c GEN
|d 2009-06-25
|g 0.00
|l 1
|m 10
|o 658.4 TRI
|p 3010015449
|r 2016-01-17
|s 2012-12-03
|t 1
|w 2009-06-25
|y BK
|x No price found in the accession register.
|